000 00593nam a2200205Ia 4500
003 IN-BaIIA
008 211028s9999 xx 000 0 eng d
040 _cIIA Library
080 _a538.3
_bTAT
100 _aTatarski, V. I
_94000
245 0 _aWave propagation in a turbulent medium
_cV. I. Tatarski
260 _aNew York
_bDover Publications
_c1961
300 _axiv, 285p.
490 _aDover books on physical and mathematical physics
650 _aElectromagnetism
_9540
650 _aNASA Thesaurus
650 _aTurbulence
_92672
650 _aWave propagation
_93418
942 _cBK
999 _c3943
_d3943